000 00653nam a22001817a 4500
003 UA-OsUOA
001 9408
007 ta
008 20041104b un ||||| |||| 00| 0 ukr d
100 _aТерещенко О.
942 _cSA
040 _aUA-OsUOA
_cUA-OsUOA
_dUA-OsUOA
245 _aГармонізація державної політики фінансової підтримки підприємств із законодавством Європейського Союзу
300 _aС.108-116
955 _a0
773 0 _w0
_tФінанси України
_dКиев
_d2004
_g№10
650 7 _aДержавне регулювання
_2UDC
999 _c295569
_d295569